[Event "Mukachevo Christmas op U16"]
[Site "Mukachevo"]
[Date "2020.01.11"]
[Round "6"]
[White "Kravets, Yuliya"]
[Black "Smirnov, Maksym1111"]
[Result "0-1"]
[WhiteElo "1710"]
[BlackElo "1433"]
[PlyCount "68"]
[EventDate "2020.01.09"]
[EventType "swiss"]
[EventRounds "9"]
[EventCountry "UKR"]
[SourceTitle "CBM 195 Extra"]
[Source "ChessBase"]
[SourceDate "2020.05.31"]
[SourceVersion "1"]
[SourceVersionDate "2020.05.31"]
[SourceQuality "1"]

1. e4 e5 2. Nf3 Nc6 3. Bc4 Nf6 4. Ng5 d5 5. exd5 Na5 6. Bb5+ c6 7. dxc6 bxc6 8. Qf3 Be7 9. Bxc6+ Nxc6 10. Qxc6+ Bd7 11. Qf3 Bc8 12. Qc6+ Bd7 13. Qf3 0-0 14. d3 Rc8 15. Nc3 Bc6 16. Nge4 Nd5 17. Nxd5 Bxd5 18. Qe2 Qc7 19. Nc3 Bb4 20. Bd2 Bb7 21. 0-0-0 Bd5 22. Be1 Be6 23. a3 Be7 24. h4 Rb8 25. Nb1 Rfc8 26. Bc3 Bd6 27. g3 Ba2 28. Bb4 Bxb4 29. axb4 Rxb4 30. Nc3 Rxb2 31. Kxb2 Qxc3+ 32. Kxa2 Rc5 33. Kb1 Ra5 34. Qe4 Ra1# 0-1